Online katalóg knižníc regiónu Turca

Posolstvo nádeje od anjelov (Record no. 22214)

MARC details
000 -LEADER
fixed length control field 02562cam a2200793 a 4500
001 - CONTROL NUMBER
control field 22214
003 - CONTROL NUMBER IDENTIFIER
control field VRT
005 - DATE AND TIME OF LATEST TRANSACTION
control field 20260323133950.0
008 - FIXED-LENGTH DATA ELEMENTS--GENERAL INFORMATION
fixed length control field 240318s2013 xo e 000 f slo
015 ## - NATIONAL BIBLIOGRAPHY NUMBER
National bibliography number SNBA2013/05
020 ## - INTERNATIONAL STANDARD BOOK NUMBER
International Standard Book Number 9788055133508
Qualifying information (viaz.)
035 ## - SYSTEM CONTROL NUMBER
System control number 6E6C21F9-EE99-4420-A762-C8D9908F3E38
035 ## - SYSTEM CONTROL NUMBER
System control number urn:nbn:sk:snk-amjn4k
035 ## - SYSTEM CONTROL NUMBER
System control number urn:nbn:sk:snk-am001t45
039 #9 - LEVEL OF BIBLIOGRAPHIC CONTROL AND CODING DETAIL [OBSOLETE]
Level of rules in bibliographic description 202403182003
Level of effort used to assign nonsubject heading access points VLOAD
Level of effort used to assign subject headings 201604301146
Level of effort used to assign classification VLOAD
Level of effort used to assign subject headings 201602040933
Level of effort used to assign classification mvkhe01
Level of effort used to assign subject headings 201602011422
Level of effort used to assign classification AUTHORITY
040 ## - CATALOGING SOURCE
Original cataloging agency SVKBB
Language of cataloging slo
Transcribing agency SVKBB
Modifying agency SNK
Description conventions AACR2
041 1# - LANGUAGE CODE
Language code of text/sound track or separate title slo
Language code of original eng
043 ## - GEOGRAPHIC AREA CODE
Geographic area code e-ie---
044 ## - COUNTRY OF PUBLISHING/PRODUCING ENTITY CODE
MARC country code xo
ISO country code SK
072 #7 - SUBJECT CATEGORY CODE
Subject category code 2
Subject category code subdivision Náboženstvo
Source konspekt
072 #7 - SUBJECT CATEGORY CODE
Subject category code 929
Subject category code subdivision Biografie
Source konspekt
080 ## - UNIVERSAL DECIMAL CLASSIFICATION NUMBER
Universal Decimal Classification number 929
Edition identifier 2001
080 ## - UNIVERSAL DECIMAL CLASSIFICATION NUMBER
Universal Decimal Classification number 2-167.2
Edition identifier 2001
080 ## - UNIVERSAL DECIMAL CLASSIFICATION NUMBER
Universal Decimal Classification number (0:82-322.6)
Edition identifier 2001
080 ## - UNIVERSAL DECIMAL CLASSIFICATION NUMBER
Universal Decimal Classification number 2-587-055.2
Edition identifier 2001
080 ## - UNIVERSAL DECIMAL CLASSIFICATION NUMBER
Universal Decimal Classification number 159.96
Edition identifier 2001
080 ## - UNIVERSAL DECIMAL CLASSIFICATION NUMBER
Universal Decimal Classification number 37.03-053.2
Edition identifier 2001
080 ## - UNIVERSAL DECIMAL CLASSIFICATION NUMBER
Universal Decimal Classification number 615.8
Edition identifier 2001
080 ## - UNIVERSAL DECIMAL CLASSIFICATION NUMBER
Universal Decimal Classification number 316.728
Edition identifier 2001
080 ## - UNIVERSAL DECIMAL CLASSIFICATION NUMBER
Universal Decimal Classification number 316.474
Edition identifier 2001
080 ## - UNIVERSAL DECIMAL CLASSIFICATION NUMBER
Universal Decimal Classification number 2-423.79
Edition identifier 2001
080 ## - UNIVERSAL DECIMAL CLASSIFICATION NUMBER
Universal Decimal Classification number (417)
Edition identifier 2001
100 1# - MAIN ENTRY--PERSONAL NAME
Personal name Byrne, Lorna,
Dates associated with a name 1953-
Relationship aut
240 10 - UNIFORM TITLE
Uniform title A Message of Hope from the Angels
Language of a work Slovensky
245 10 - TITLE STATEMENT
Title Posolstvo nádeje od anjelov
Statement of responsibility, etc. Lorna Byrneová ; [z anglického originálu preložila Viera Gregorcová]
250 ## - EDITION STATEMENT
Edition statement [1. vyd.]
260 ## - PUBLICATION, DISTRIBUTION, ETC.
Place of publication, distribution, etc. Bratislava
Name of publisher, distributor, etc. Ikar
Date of publication, distribution, etc. 2013
300 ## - PHYSICAL DESCRIPTION
Extent 149 s.
Dimensions 21 cm
600 17 - SUBJECT ADDED ENTRY--PERSONAL NAME
Personal name Byrne, Lorna,
Dates associated with a name 1953-
Source of heading or term SNKMA
648 #7 - SUBJECT ADDED ENTRY--CHRONOLOGICAL TERM
Chronological term 20.-21. stor.
Source of heading or term SNKPH
648 #7 - SUBJECT ADDED ENTRY--CHRONOLOGICAL TERM
Chronological term 20th-21st centuries
Source of heading or term SNKPHeng
650 07 - SUBJECT ADDED ENTRY--TOPICAL TERM
Topical term or geographic name entry element mystici
Source of heading or term SNKPH
650 07 - SUBJECT ADDED ENTRY--TOPICAL TERM
Topical term or geographic name entry element Angels
Source of heading or term SNKPHeng
650 07 - SUBJECT ADDED ENTRY--TOPICAL TERM
Topical term or geographic name entry element anjeli
Source of heading or term SNKPH
650 07 - SUBJECT ADDED ENTRY--TOPICAL TERM
Topical term or geographic name entry element Women mystics
Source of heading or term SNKPHeng
650 07 - SUBJECT ADDED ENTRY--TOPICAL TERM
Topical term or geographic name entry element channeling
Source of heading or term SNKPH
650 07 - SUBJECT ADDED ENTRY--TOPICAL TERM
Topical term or geographic name entry element výchova dieťaťa
Source of heading or term SNKPH
650 07 - SUBJECT ADDED ENTRY--TOPICAL TERM
Topical term or geographic name entry element liečiteľstvo
Source of heading or term SNKPH
650 07 - SUBJECT ADDED ENTRY--TOPICAL TERM
Topical term or geographic name entry element každodenný život
Source of heading or term SNKPH
650 07 - SUBJECT ADDED ENTRY--TOPICAL TERM
Topical term or geographic name entry element láska
Source of heading or term SNKPH
650 07 - SUBJECT ADDED ENTRY--TOPICAL TERM
Topical term or geographic name entry element nádej
Source of heading or term SNKPH
650 07 - SUBJECT ADDED ENTRY--TOPICAL TERM
Topical term or geographic name entry element Child rearing
Source of heading or term SNKPHeng
650 07 - SUBJECT ADDED ENTRY--TOPICAL TERM
Topical term or geographic name entry element Healing
Source of heading or term SNKPHeng
650 07 - SUBJECT ADDED ENTRY--TOPICAL TERM
Topical term or geographic name entry element Everyday life
Source of heading or term SNKPHeng
650 07 - SUBJECT ADDED ENTRY--TOPICAL TERM
Topical term or geographic name entry element Love
Source of heading or term SNKPHeng
650 07 - SUBJECT ADDED ENTRY--TOPICAL TERM
Topical term or geographic name entry element Hope
Source of heading or term SNKPHeng
651 #7 - SUBJECT ADDED ENTRY--GEOGRAPHIC NAME
Geographic name Írsko
Source of heading or term SNKPH
651 #7 - SUBJECT ADDED ENTRY--GEOGRAPHIC NAME
Geographic name Ireland
Source of heading or term SNKPHeng
655 #7 - INDEX TERM--GENRE/FORM
Genre/form data or focus term autobiografické príbehy
Source of term SNKPH
655 #7 - INDEX TERM--GENRE/FORM
Genre/form data or focus term Autobiographical stories
Source of term SNKPHeng
700 1# - ADDED ENTRY--PERSONAL NAME
Personal name Gregorcová, Viera
Relationship trl
910 ## - USER-OPTION DATA (OCLC)
User-option data hevk
942 ## - ADDED ENTRY ELEMENTS (KOHA)
Source of classification or shelving scheme Dewey Decimal Classification
Koha item type Krásna literatúra pre dospelých
Suppress in OPAC No
949 ## - LOCAL PROCESSING INFORMATION (OCLC)
6 270001000410823
a svkbbA 138018
b svkbbm 735448
949 ## - LOCAL PROCESSING INFORMATION (OCLC)
6 17A1068030
a snkSC 154216
b snk2013/9658
o 990/13
949 ## - LOCAL PROCESSING INFORMATION (OCLC)
6 17A1068031
a snkSC 154216 D1
b snk2013/9660
o 990/13
s 6100:20210923
949 ## - LOCAL PROCESSING INFORMATION (OCLC)
6 273K0560551
a svkpoA 217601
b svkpo561669
Holdings
Stav vyradenia Strata Poškodenie Spôsob nadobudnutia Domovská knižnica Aktuálna knižnica Dátum nadobudnutia Cena Total checkouts Čiarový kód exemplára Date last seen Typ exemplára
      Kúpa Obecná knižnica Horná Štubňa Obecná knižnica Horná Štubňa 23.03.2026 8.90   9788055133508 23.03.2026 Krásna literatúra pre dospelých
Projekt je podporený Slovenskou asociáciou knižníc
Prevádzkuje Turčianska knižnica Martin 2026